000
00250nam a2200097Ia 4500
001
712294
005
20250826162824.0
008
250824s9999 xx 000 0 und d
245
0
_a
TEBRİZLİ ŞEMS
_c
SİNAN YAĞMUR
260
_b
KARATAY AKADEMİ YAYINLARI
999
_c
712294
_d
712294